000 00411nam a22001457a 4500
003 SGT
082 _a615
_bT09M
100 _a MINISTRY OF HEALTH & FAMILY WELFARE.
245 _aTHIN LAYER CHROMATOGRAPHIC ATLAS OF AYURVEDIC PHARMACOPOEIAL DRUGS PART-1
250 _a1ST
260 _aDELHI
_b MINISTRY OF HEALTH & FAMILY WELFARE.
_c2009
300 _a164
650 _aAYURVEDA ATLAS AND DRUGS
942 _2ddc
_cBK
999 _c8635
_d8635